Skerrits of Nottingham Ltd v SoS Environment (Record no. 64368)

MARC details
000 -LEADER
fixed length control field 01208cam a2200217 4500
001 - CONTROL NUMBER
control field ABS62771
008 - FIXED-LENGTH DATA ELEMENTS--GENERAL INFORMATION
fixed length control field 000000n2000 000 0 eng u
035 ## - SYSTEM CONTROL NUMBER
System control number (Sirsi) u107762
245 ## - TITLE STATEMENT
Title Skerrits of Nottingham Ltd v SoS Environment
260 ## - PUBLICATION, DISTRIBUTION, ETC.
Date of publication, distribution, etc. 2000
490 ## - SERIES STATEMENT
Series statement Weekly Law Reports
Volume/sequential designation [2000] 3 WLR 511 (8)
520 ## - SUMMARY, ETC.
Summary, etc. CA 25 February 2000. Local planning authority served a listed building notice alleging a breach of listed building control in respect of a stable block lying within the curtilage of a Grade II listed hotel. The stable block was almost certainly designed by the same architect as the main building but had never been listed. Lessees appeal dismissed by SoS who concluded that the stable block was within the curtilage. Appeal judge held that the curtilage was only a small area about a building and that the SoS had erred. SoS appealed. Appeal allowed.
590 ## - LOCAL NOTE (RLIN)
Local note ABS
650 ## - SUBJECT ADDED ENTRY--TOPICAL TERM
Topical term or geographic name entry element SKERRITTS OF NOTTINGHAM LTD V SOS ENVIRONMENT
650 ## - SUBJECT ADDED ENTRY--TOPICAL TERM
Topical term or geographic name entry element LISTED BUILDINGS
650 ## - SUBJECT ADDED ENTRY--TOPICAL TERM
Topical term or geographic name entry element CURTILAGE
650 ## - SUBJECT ADDED ENTRY--TOPICAL TERM
Topical term or geographic name entry element STABLE BLOCK
650 ## - SUBJECT ADDED ENTRY--TOPICAL TERM
Topical term or geographic name entry element PLANNING (LISTED BUILDINGS AND CONSERVATION AREAS) ACT 1990
690 ## - LOCAL SUBJECT ADDED ENTRY--TOPICAL TERM (OCLC, RLIN)
Topical term or geographic name as entry element ENVIRONMENTAL AND LAND CONSULTANCY-PLANNING AND DEVELOPMENT
942 ## - ADDED ENTRY ELEMENTS (KOHA)
Suppress in OPAC 0
Holdings
Withdrawn status Lost status Source of classification or shelving scheme Damaged status Not for loan Home library Current library Shelving location Date acquired Total Checkouts Full call number Barcode Date last seen Copy number Price effective from Koha item type
    Dewey Decimal Classification     London London Journal article 14/08/2000   ABS62771 107762-1001 06/08/2019 1 06/08/2019 Law report